000 00260nam a2200097Ia 4500
001 801841
005 20250826171045.0
008 250824s9999 xx 000 0 und d
245 0 _aÇALÇENE PELİN BLOG SAVAŞLARI
_cYASEMİN DERYA AKA
260 _bÇOCUK GEZEGENİ
999 _c801841
_d801841